Digital design exercises for architecture students (Record no. 6497)
[ view plain ]
| 000 -LEADER | |
|---|---|
| fixed length control field | 00310nam a2200109Ia 4500 |
| 008 - FIXED-LENGTH DATA ELEMENTS--GENERAL INFORMATION | |
| fixed length control field | 200302s9999 xx 000 0 und d |
| 100 ## - MAIN ENTRY--PERSONAL NAME | |
| Personal name | Jason S. Johnson and Others |
| 245 ## - TITLE STATEMENT | |
| Title | Digital design exercises for architecture students |
| 260 ## - PUBLICATION, DISTRIBUTION, ETC. | |
| Name of publisher, distributor, etc. | Taylor and Francis Group Publishing |
| 260 ## - PUBLICATION, DISTRIBUTION, ETC. | |
| Date of publication, distribution, etc. | 2016 |
| 300 ## - PHYSICAL DESCRIPTION | |
| Extent | 274 |
| Withdrawn status | Lost status | Damaged status | Not for loan | Permanent Location | Current Location | Date acquired | Cost, normal purchase price | Full call number | Barcode | Date last seen | Price effective from | Koha item type | Source of classification or shelving scheme |
|---|---|---|---|---|---|---|---|---|---|---|---|---|---|
| BMS College of Architecture, Design and Planning | BMS College of Architecture, Design and Planning | 2020-03-03 | 2991.00 | 729.0285 | AR-UG399 | 2020-03-03 | 2020-03-03 | UG Books | |||||
| BMS College of Architecture, Design and Planning | BMS College of Architecture, Design and Planning | 2021-07-05 | 729.0285 | AR-RD117 | 2021-07-05 | 2021-07-05 | R&D Books |